| 000 | 00000nam##2200000za#4500 |
| 001 | 9.647756 |
| 003 | CaOODSP |
| 005 | 20200330131012 |
| 007 | ta |
| 008 | 150407|2000||||xxc||||| f|0| 0 eng|d |
| 020 | |a0-662-28996-X |
| 040 | |aCaOODSP|beng |
| 043 | |an-cn--- |
| 086 | 1 |aEn105-58/2000E |
| 110 | 1 |aCanada. |bCanadian Environmental Assessment Agency. |
| 245 | 10|aConsolidated regulations under the Canadian Environmental Assessment Act : |binclusion list, exclusion list, comprehensive study list, law list |
| 260 | |aOttawa - Ontario : |bCanadian Environmental Assessment Agency |c2000. |
| 300 | |a60p. in various pagings. ; |c28 cm. |
| 500 | |aAmended November 1999. |
| 563 | |aSoftcover |
| 590 | |a00-20|b2000-05-19 |
| 690 | 07|aEnvironmental law|2gcpds |
| 690 | 07|aEnvironmental management|2gcpds |
| 690 | 07|aEnvironmental impact assessment|2gcpds |
| 775 | 08|tCodification des règlements en vertu de la Loi canadienne sur l'évaluation environnementale : |w(CaOODSP)9.681139 |
| 776 | 0#|tConsolidated regulations under the Canadian Environmental Assessment Act : |w(CaOODSP)9.695826 |